Statistics for Biggest Popular Vote Winners

Click here to take the quiz!

General Stats

  • This quiz has been taken 28 times
  • The average score is 14 of 15

Answer Stats

YearPartyVotesCandidate% Correct
2008D69,498,516Barack Obama
100%
2012D65,915,795Barack Obama
100%
1996D47,402,357Bill Clinton
100%
2020R74,222,958Donald Trump
100%
2016R62,984,828Donald Trump
100%
1988R48,886,597George H. W. Bush
100%
2004R62,040,610George W. Bush
100%
2000R50,456,062George W. Bush
100%
2016D65,853,514Hillary Clinton
100%
2020D81,283,098Joe Biden
100%
1984R54,455,075Ronald Reagan
100%
2008R59,948,323John McCain
89%
2000D50,999,897Al Gore
84%
2012R60,933,504Mitt Romney
84%
2004D59,028,444John Kerry
68%

Score Distribution

Percentile by Number Answered

Percent of People with Each Score

Your Score History

You have not taken this quiz